កូនចចកល្អ / (Record no. 1648)

MARC details
000 -LEADER
fixed length control field 01445nam a22003017a 4500
001 - CONTROL NUMBER
control field 1648
003 - CONTROL NUMBER IDENTIFIER
control field FISKH
005 - DATE AND TIME OF LATEST TRANSACTION
control field 20230913100234.0
008 - FIXED-LENGTH DATA ELEMENTS--GENERAL INFORMATION
fixed length control field 230913b cb ||||| |||| 00| 0 khr d
020 ## - INTERNATIONAL STANDARD BOOK NUMBER
International Standard Book Number 9789924341550
040 ## - CATALOGING SOURCE
Original cataloging agency FISKH
Language of cataloging eng
Transcribing agency FISKH
Modifying agency FISKH
082 ## - DEWEY DECIMAL CLASSIFICATION NUMBER
Classification number 591.53
100 ## - MAIN ENTRY--PERSONAL NAME
Personal name Leroy, Jean
245 ## - TITLE STATEMENT
Title កូនចចកល្អ /
Statement of responsibility, etc. និពន្ធដោយ ហ្សង់ ឡឺរ៉ូយ - គូររូបដោយ ម៉ាតធ្យឺ ម៉ូដេ - បកប្រែពីភាសាបារាំងដោយ អ៊ុំ វ័ណថារី
260 ## - PUBLICATION, DISTRIBUTION, ETC.
Place of publication, distribution, etc. Paris :
Name of publisher, distributor, etc. Sipar,
Date of publication, distribution, etc. 2013.
300 ## - PHYSICAL DESCRIPTION
Extent 31 pages :
Other physical details color illustrations ;
Dimensions 20 cm
490 ## - SERIES STATEMENT
Series statement រឿងដំបូងៗ
505 ## - FORMATTED CONTENTS NOTE
Formatted contents note K<br/>
520 ## - SUMMARY, ETC.
Summary, etc. ឪពុកម្ដាយរបស់កូនចចកបានប្រដៅថាត្រូវគោរពតាមបំណងប្រាថ្នាចុងក្រោយរបស់អ្នកដ៏ទៃមុននឹងវាស៊ីពួកគេ។
520 ## - SUMMARY, ETC.
Summary, etc. The wolf's parents admonished them to obey the last wishes of others before eating them.
521 8# - TARGET AUDIENCE NOTE
Target audience note 510<br/>
Source Lexile estimate<br/>
521 8# - TARGET AUDIENCE NOTE
Target audience note K<br/>
Source Raz-Plus<br/>
650 ## - SUBJECT ADDED ENTRY--TOPICAL TERM
Topical term or geographic name entry element គោរព
Form subdivision បំណងប្រាថា្ន
General subdivision ចចក​
650 ## - SUBJECT ADDED ENTRY--TOPICAL TERM
Topical term or geographic name entry element Respect
Form subdivision Wish
General subdivision Fox
700 ## - ADDED ENTRY--PERSONAL NAME
Personal name Vanthary, Oum
Relator term Translator
700 ## - ADDED ENTRY--PERSONAL NAME
Personal name Maudet, Matthieu
Relator term illustrator
942 ## - ADDED ENTRY ELEMENTS (KOHA)
Source of classification or shelving scheme Dewey Decimal Classification
Koha item type Khmer Books
Suppress in OPAC No
Holdings
Withdrawn status Lost status Source of classification or shelving scheme Damaged status Not for loan Collection Home library Current library Shelving location Date acquired Total Checkouts Full call number Barcode Date last seen Date last checked out Copy number Price effective from Koha item type
    Dewey Decimal Classification     Khmer Language Books / សៀវភៅភាសាខ្មែរ Footprints International School Library Network Toul Kork Campus Footprints International School Library Network Toul Kork Campus TK Campus, Room B402, Khmer Book Case 16, Shelves 112-123 / ទូរសៀវភៅខ្មែរលេខ ១៦​ ធ្នើរ ១១២ ដល់ ១២៣ បន្ទប់ B402 សាខាទួលគោក 09/13/2023 1 LER 591.53 2023-0599 04/26/2024 02/20/2024 1 09/13/2023 Khmer Books
    Dewey Decimal Classification     Khmer Language Books / សៀវភៅភាសាខ្មែរ Footprints International School Library Network Toul Kork Campus Footprints International School Library Network Toul Kork Campus TK Campus, Room B402, Khmer Book Case 16, Shelves 112-123 / ទូរសៀវភៅខ្មែរលេខ ១៦​ ធ្នើរ ១១២ ដល់ ១២៣ បន្ទប់ B402 សាខាទួលគោក 09/13/2023 1 LER 591.53 2023-0600 02/02/2026 01/05/2026 2 09/13/2023 Khmer Books